En el principio (Record no. 7502)

MARC details
000 -LEADER
campo de control de longitud fija 00453ntaaa2200169 4500
003 - IDENTIFICADOR DE NÚMERO DE CONTROL
campo de control 01
005 - FECHA Y HORA DE LA ÚLTIMA TRANSACCIÓN
campo de control 20251027201315.0
008 - DATOS DE LONGITUD FIJA--INFORMACIÓN GENERAL
campo de control de longitud fija 0714s1973 ag 01
040 ## - FUENTE DE CATALOGACIÓN
Centro catalogador/agencia de origen AR-BaBN
Lengua de catalogación spa
Centro/agencia transcriptor AR-BaBN
Normas de descripción aacr
Centro/agencia modificador RIC
082 ## - NÚMERO DE LA CLASIFICACIÓN DECIMAL DEWEY
Número de clasificación 222.1000 Ch36
100 ## - ENTRADA PRINCIPAL--NOMBRE DE PERSONA
Nombre de persona Chaplin, A. M. de
9 (RLIN) 11280
245 ## - MENCIÓN DEL TÍTULO
Título En el principio
250 ## - MENCION DE EDICION
Mención de edición 1 ed. :
Resto de la mención de edición Junta de Publicaciones de la Convención Evangélica Bautista,
-- 1950
300 ## - DESCRIPCIÓN FÍSICA
Extensión 133 p.
650 ## - PUNTO DE ACCESO ADICIONAL DE MATERIA--TÉRMINO DE MATERIA
Término de materia o nombre geográfico como elemento de entrada Creación
9 (RLIN) 1821
942 ## - ELEMENTOS DE ENTRADA SECUNDARIOS (KOHA)
Tipo de ítem Koha Colección General
Holdings
Estatus retirado Estado de pérdida Estado de daño No para préstamo Biblioteca de origen Biblioteca actual Fecha de adquisición Número de inventario Total de préstamos Signatura topográfica completa Código de barras Visto por última vez Precio de reemplazo Tipo de ítem Koha
        Biblioteca Pluis Biblioteca Pluis 27/10/2025 10370   222.1000 Ch36 10370 27/10/2025 27/10/2025 Colección General
        Biblioteca Pluis Biblioteca Pluis 27/10/2025 12471     12471 27/10/2025 27/10/2025 Colección General
        Biblioteca Pluis Biblioteca Pluis 27/10/2025 19429     19429 27/10/2025 27/10/2025 Colección General